<?xml version="1.0" encoding="UTF-8"?>
<record
    xmlns:xsi="http://www.w3.org/2001/XMLSchema-instance"
    xsi:schemaLocation="http://www.loc.gov/MARC21/slim http://www.loc.gov/standards/marcxml/schema/MARC21slim.xsd"
    xmlns="http://www.loc.gov/MARC21/slim">

  <leader>02486cam a22002898i 4500</leader>
  <controlfield tag="001">23661158</controlfield>
  <controlfield tag="003">EG-ScBUE</controlfield>
  <controlfield tag="005">20250514082514.0</controlfield>
  <controlfield tag="008">240426s2023    enk    f      000 1 eng d</controlfield>
  <datafield tag="020" ind1=" " ind2=" ">
    <subfield code="a">9781399713795</subfield>
  </datafield>
  <datafield tag="040" ind1=" " ind2=" ">
    <subfield code="a">DLC</subfield>
    <subfield code="b">eng</subfield>
    <subfield code="e">rda</subfield>
    <subfield code="c">DLC</subfield>
    <subfield code="d">EG-ScBUE</subfield>
  </datafield>
  <datafield tag="082" ind1="0" ind2="4">
    <subfield code="a">813.6</subfield>
    <subfield code="2">22</subfield>
    <subfield code="b">SCO</subfield>
  </datafield>
  <datafield tag="100" ind1="1" ind2=" ">
    <subfield code="a">Score, Lucy,</subfield>
    <subfield code="e">author.</subfield>
  </datafield>
  <datafield tag="245" ind1="1" ind2="0">
    <subfield code="a">Things we left behind /</subfield>
    <subfield code="c">Lucy Score.</subfield>
  </datafield>
  <datafield tag="264" ind1=" " ind2="1">
    <subfield code="a">London :</subfield>
    <subfield code="b">Hodder &amp; Stoughton Ltd,</subfield>
    <subfield code="c">2023.</subfield>
  </datafield>
  <datafield tag="300" ind1=" " ind2=" ">
    <subfield code="a">581, 12 pages ;</subfield>
    <subfield code="c">18 cm.</subfield>
  </datafield>
  <datafield tag="336" ind1=" " ind2=" ">
    <subfield code="a">text</subfield>
    <subfield code="b">txt</subfield>
    <subfield code="2">rdacontent</subfield>
  </datafield>
  <datafield tag="337" ind1=" " ind2=" ">
    <subfield code="a">unmediated</subfield>
    <subfield code="b">n</subfield>
    <subfield code="2">rdamedia</subfield>
  </datafield>
  <datafield tag="338" ind1=" " ind2=" ">
    <subfield code="a">volume</subfield>
    <subfield code="b">nc</subfield>
    <subfield code="2">rdacarrier</subfield>
  </datafield>
  <datafield tag="490" ind1="0" ind2=" ">
    <subfield code="a">Knockemout</subfield>
  </datafield>
  <datafield tag="520" ind1=" " ind2=" ">
    <subfield code="a">"There was only one woman who could set me free. But I would rather set myself on fire than ask Sloane Walton for anything. Lucian Rollins is a lean, mean vengeance-seeking mogul. On a quest to erase his father's mark on the family name, he spends every waking minute pulling strings and building an indestructible empire. The more money and power he amasses, the safer he is from threats. Except when it comes to the feisty small-town librarian that keeps him up at night... Sloane Walton is a spitfire determined to carry on her father's quest for justice. She'll do that just as soon as she figures out exactly what the man she hates did to-or for-her family. Bonded by an old, dark secret from the past and the dislike they now share for each other, Sloane trusts Lucian about as far as she can throw his designer-suited body. When bickering accidentally turns to foreplay, these two find themselves not quite regretting their steamy one-night stand. Once those flames are fanned, it seems impossible to put them out again. But with Sloane ready to start a family and Lucian refusing to even consider the idea of marriage and kids, these enemies-to-lovers are stuck at an impasse. Broken men break women. It's what Lucian believes, what he's witnessed, and he's not going to take that chance with Sloane. He'd rather live a life of solitude than put her in danger. But he learns the hard way that leaving her means leaving her unprotected from other threats. It's the second time he's ruthlessly cut her out of his life. There's no way she's going to give him a third chance. He's just going to have to make one for himself"--</subfield>
    <subfield code="c">Provided by publisher.</subfield>
  </datafield>
  <datafield tag="650" ind1=" " ind2="7">
    <subfield code="2">BUEsh</subfield>
    <subfield code="a">English fiction</subfield>
    <subfield code="y">21th century.</subfield>
  </datafield>
  <datafield tag="653" ind1=" " ind2=" ">
    <subfield code="c">May2025</subfield>
    <subfield code="b">HHUUEENN</subfield>
  </datafield>
  <datafield tag="655" ind1=" " ind2=" ">
    <subfield code="v">Reading book</subfield>
  </datafield>
  <datafield tag="906" ind1=" " ind2=" ">
    <subfield code="a">7</subfield>
    <subfield code="b">cbc</subfield>
    <subfield code="c">orignew</subfield>
    <subfield code="d">1</subfield>
    <subfield code="e">ecip</subfield>
    <subfield code="f">20</subfield>
    <subfield code="g">y-gencatlg</subfield>
  </datafield>
  <datafield tag="942" ind1=" " ind2=" ">
    <subfield code="2">ddc</subfield>
    <subfield code="c">BB</subfield>
  </datafield>
  <datafield tag="999" ind1=" " ind2=" ">
    <subfield code="c">30981</subfield>
    <subfield code="d">30952</subfield>
  </datafield>
  <datafield tag="952" ind1=" " ind2=" ">
    <subfield code="0">0</subfield>
    <subfield code="1">0</subfield>
    <subfield code="2">ddc</subfield>
    <subfield code="4">0</subfield>
    <subfield code="7">0</subfield>
    <subfield code="8">Baccah</subfield>
    <subfield code="a">MAIN</subfield>
    <subfield code="b">MAIN</subfield>
    <subfield code="c">2ND</subfield>
    <subfield code="d">2025-05-14</subfield>
    <subfield code="e">Purchase</subfield>
    <subfield code="g">901.00</subfield>
    <subfield code="h">39241</subfield>
    <subfield code="l">1</subfield>
    <subfield code="o">813.6 SCO</subfield>
    <subfield code="p">000057359</subfield>
    <subfield code="r">2026-01-25 00:00:00</subfield>
    <subfield code="s">2026-01-17</subfield>
    <subfield code="v">1126.25</subfield>
    <subfield code="w">2025-05-14</subfield>
    <subfield code="y">BB</subfield>
  </datafield>
</record>
